| 000 | 01845nam0a2200397 4500 | ||
|---|---|---|---|
| 001 | RU\NLR\bibl\2032302 | ||
| 005 | 20260408165028.0 | ||
| 010 | _a978-5-91419-854-8 | ||
| 021 |
_aRU _b2013-30127 _92069 |
||
| 035 | _a(NLR Aleph) 002020095 | ||
| 090 |
_a4500410 _c4500410 |
||
| 100 | _a20130514d2013 |||y0rusy50 ca | ||
| 101 | 0 |
_arus _alat |
|
| 102 | _aRU | ||
| 105 | _ah ||||||||| | ||
| 200 | 1 |
_aО происхождении и деяниях гетов _eGetica _fИордан _gвступ. ст., пер., коммент. Е.Ч. Скржинской |
|
| 210 |
_aСанкт-Петербург _cАлетейя _cИсторическая книга _d2013 |
||
| 215 |
_a505, [1] c. _cфакс. _d22 |
||
| 225 | 1 |
_aСерия Византийская библиотека _iИсточники |
|
| 300 | _aТекст памятника парал. на латин. и рус. яз. | ||
| 320 | _aБиблиогр.: с. 398-410 | ||
| 320 | _aУказ. к пер. и коммент.: с. 418-449 | ||
| 320 | _aУказ. к латин. тексту: с. 450-461 | ||
| 604 |
_1200#0$aИордан$f6 в. _1230##$a"Гетика" _3RU\NLR\AUTH\66492026 _91211840 |
||
| 606 | 1 |
_aВеликое переселение народов _jИсточники и источниковедение _91219008 _3RU\NLR\auth\66177504 |
|
| 686 | _aТ3(0)324.454,01 | ||
| 686 | _aШ5(0)42-4Иордан | ||
| 700 | 0 |
_4070 _8rus _7ca _aИордан _cисторик готский _f6 в. _3RU\NLR\auth\7711746 _9121487 |
|
| 702 | 1 |
_4730 _8rus _7ca _aСкржинская _bЕ. Ч. _f1894-1981 _gЕлена Чеславовна _3RU\NLR\auth\7758815 _941747 |
|
| 801 | 0 |
_aRU _bNLR _c20130514 _gRCR |
|
| 801 | 1 |
_aRU _bNLR _c20130514 |
|
| 942 | _cBOOK | ||
| 980 | _aNBR | ||
| 980 | _aNB | ||